000 00705nam a2200229 a 4500
005 20140310183447.0
008 081205s19uu xx 00 eng d
020 _a9780495126119
050 _aTS 161
_b.Sh485 2007
100 _aShapiro, Jeremy F.
245 _aModeling the supply chain /
_cJeremy F. Shapiro.
250 _a2nd ed.
260 _aAustralia :
_bThomson Brooks/Cole,
_c2007.
300 _a608 p. :
_bill. ;
_c26 cm.
521 _aBSBA
650 _aBSBA.
650 _aMaterials management
_xMathematical models.
650 _aBusiness logistics
_xMathematical models.
650 _aMaterials requirements planning
_xMathematical models.
942 _cBK
_2lcc
_kFOR
999 _c23285
_d23285